LDR 01347naa#a2200217#i#450# 001 RU\\bibl\123369 005 20260705154907.7 011 ## _a1994-4683 100 ## _a20230731b2023####ek#y0rusy0150####ca 102 ## _aRU 200 1# _aОЦЕНКА ЭФФЕКТИВНОСТИ ЗАНЯТИЙ РАДЖА-ЙОГОЙ В ФОРМИРОВАНИИ ЛИЧНОСТНОЙ СУБЪЕКТНОСТИ СТУДЕНТОК _eЖурнальная статья 210 1# _aМосква _cНациональный государственный Университет физической культуры, спорта и здоровья им. П.Ф. Лесгафта _d2023 215 ## _a4 с. 608 ## _aЖурнальная статья _2local 675 ## _aМетодика физического воспитания. Пути и средства физического воспитания. Учебные заведения физической культуры. 796.011.3 _z 700 #1 _aГригорьев _gВалерий Иванович 700 #1 _aШаронова _gАлександра Владимировна 700 #1 _aМиронова _gОльга Вячеславовна 700 #1 _aЯрчиковская _gЛюдмила Вячеславовна 700 #1 _aХисматуллин _gСалават Ахметович 856 4# _auchzapiski.lesgaft.spb.ru _u